African Countries by 3 Letter Abbreviations - Statistics

General Stats
  • This quiz has been taken 126 times
    45 since last reset
  • The average score is 46 of 54
Answer Stats
Abbreviation Country % Correct
BEN Benin
98%
GAB Gabon
95%
GHA Ghana
95%
LBY Libya
95%
NAM Namibia
95%
BWA Botswana
93%
EGY Egypt
93%
SWZ Eswatini
93%
ETH Ethiopia
93%
LSO Lesotho
93%
LBR Liberia
93%
MWI Malawi
93%
NGA Nigeria
93%
RWA Rwanda
93%
SEN Senegal
93%
TGO Togo
93%
TUN Tunisia
93%
UGA Uganda
93%
ZMB Zambia
93%
ZWE Zimbabwe
93%
AGO Angola
90%
CMR Cameroon
90%
DJI Djibouti
90%
ERI Eritrea
90%
GMB Gambia
90%
KEN Kenya
90%
MRT Mauritania
90%
MOZ Mozambique
90%
NER Niger
90%
TZA Tanzania
90%
MDG Madagascar
88%
MLI Mali
88%
SYC Seychelles
88%
SOM Somalia
88%
CPV Cape Verde
85%
COM Comoros
85%
BDI Burundi
83%
MUS Mauritius
83%
COG Republic of the Congo
83%
SSD South Sudan
83%
SDN Sudan
83%
BFA Burkina Faso
80%
GIN Guinea
75%
COD Democratic Republic of the Congo
73%
GNB Guinea Bissau
73%
CAF Central African Republic
70%
GNQ Equatorial Guinea
68%
STP Sao Tome and Principe
68%
CIV Cote d'Ivoire
65%
MAR Morocco
65%
DZA Algeria
63%
SLE Sierra Leone
58%
TCD Chad
55%
ZAF South Africa
43%
No matching quizzes found
Score Distribution
Percent of People with Each Score
Percentile by Number Answered
Your Score History
You have not taken this quiz since the last reset